NBA Nicknames Medium Hard Difficulty - Statistics

General Stats
  • This quiz has been taken 98 times
  • The average score is 40 of 83
Answer Stats
Hint Answer % Correct
Chef Stephen Curry
96%
The logo Jerry West
95%
Dr J Julius Erving
95%
Black Mamba Kobe Bryant
95%
Uncle Drew Kyrie Irving
95%
Magic Earvin "Magic" Johnson jr
94%
Greek Freak Giannis Antetokounmpo
93%
Slim reaper Kevin Durant
93%
The Worm Dennis Rodman
90%
Pistol Pete Maravich
90%
Diesel Shaquille O'neal
90%
.... the Glyde Clyde Drexler
89%
The Admiral David Robinson
87%
Joker Nikola Jokic
87%
The Answer Allen Iverson
83%
White chocolate Jason Williams
83%
The Big Ticket Kevin Garnett
83%
Spida Donovan Mitchell
82%
The glove Gary Payton
81%
King Lebron James
81%
The Big O Oscar Robertson
81%
The Big Fundamentals Tim Duncan
81%
Superman Dwight Howard
77%
The Dream Hakeem Olajuwon
77%
The claw Kawhi Leonard
77%
Muggsy Tyrone Curtis "Muggsy" Bogues
77%
Black Jesus Michael Jordan
76%
Spud Anthony "Spud" Webb
75%
Boogie Demarcus Cousins
75%
Iceman George Gervin
75%
The Truth Paul Pierce
69%
Agent Zero Gilbert Arenas
66%
Big Ben Ben Wallace
65%
Zeke Isaiah Thomas
64%
Legend Larry Bird
61%
The Human Highlight Film Dominique Wilkins
60%
Knick Killer Reggie Miller
59%
The Big dipper Wilt Chamberlain
59%
Captain Canada Steve Nash
58%
The Unicorn Kristaps Porzingis
57%
Doc Glenn Anton "Doc" Rivers
53%
Cap Kareem Abdul Jabbar
48%
The Jet Kenny "The Jet" Smith
48%
The Hardwood Houdini Bob Cousy
42%
The Matrix Shawn Marion
42%
Hondo John Havlicek
41%
Sabas Arvydias Sabonis
40%
Wunderkid Dirk Nowitzki
40%
Reign Man Shawn Kemp
37%
Big Z Zydrunas Ilgauskas
34%
Sir .... Charles Barkley
33%
The Dunking dutchman Rik Smits
33%
Gallo Danilo Gallinari
29%
Splash Mountain Brook Lopez
27%
Run TMC Chris Mullin
25%
Whiskers Bill Russell
24%
The Dragon Goran Dragic
22%
Mr Basketball George Mikan
20%
Big Blue Bob Pettit
19%
Big Red Bill Walton
18%
The Black Hole Kevin McHale
18%
The Chief Robert Parish
16%
Jingles Joe Ingles
14%
.... the quick Nick Van Exel
14%
The wide U Wes Unseld
14%
Deebo DeMar DeRozan
13%
The prince of darkness Bill Laimbeer
12%
The A-Train Artis Gilmore
11%
The Miami Greyhound Rick Barry
11%
All-World World B Free/ Lloyd Bernard Free
8%
Il Mago/The Magician Andrea Bargnani
7%
The Mozart of Basketball Drazen Petrovic
7%
The Man Mountain Mark Eaton
7%
Reef Shareef Abdul-Rahim
6%
Googs Tom Gugliotta
6%
The High-Ayatolla of Slamola Larry Nance
4%
The Pink Panther Toni Kukoc
4%
Big Mac George McGinnis
2%
Marlboro Man Vlade Divac
2%
Big Dukie Brad Daugherty
1%
Ziggy Mark Aguirre
1%
The Ok Kid Mark Price
1%
Ro Rolando Blackman
1%
No matching quizzes found
Score Distribution
Percent of People with Each Score
Percentile by Number Answered
Your Score History
You have not taken this quiz